Five Biggest Countries by Groups #2 - Statistics

General Stats
  • This quiz has been taken 183 times
  • The average score is 25 of 40
Answer Stats
Hint Answer % Correct
Countries Bordering France Germany
98%
Countries Bordering France Spain
95%
EU Without Using Euro United Kingdom
95%
Island Nation Australia
90%
Countries Bordering Indian Ocean Australia
90%
Countries Bordering France Italy
88%
Countries Bordering Indian Ocean India
85%
Contains Top 100 Mountains India
85%
Majority Orthodox Russia
83%
Island Nation Indonesia
81%
Countries Bordering Indian Ocean Indonesia
81%
OPEC Indonesia
81%
Contains Top 100 Mountains China
77%
Island Nation Madagascar
75%
Countries Bordering France Brazil
73%
Countries Bordering Indian Ocean Saudi Arabia
71%
OPEC Saudi Arabia
71%
Contains Top 100 Mountains Pakistan
67%
OPEC Iran
64%
EU Without Using Euro Sweden
63%
Closer to Gabon than Ghana is DR Congo
62%
Closer to Gabon than Ghana is Nigeria
62%
Majority Orthodox Ukraine
62%
Island Nation Philippines
60%
EU Without Using Euro Poland
60%
EU Without Using Euro Romania
57%
Majority Orthodox Romania
57%
Majority Orthodox Belarus
48%
Closer to Gabon than Ghana is Angola
46%
Closer to Gabon than Ghana is Chad
45%
Closer to Gabon than Ghana is Central African Republic
42%
Countries Bordering France Suriname
41%
Contains Top 100 Mountains Afghanistan
40%
Majority Orthodox Ethiopia
38%
EU Without Using Euro Czech Republic
35%
OPEC Algeria
30%
Countries Bordering Indian Ocean Sudan
30%
OPEC Libya
26%
Island Nation Papau New Guinea
19%
Contains Top 100 Mountains Kyrgyzstan
14%
No matching quizzes found
Score Distribution
Percent of People with Each Score
Percentile by Number Answered
Your Score History
You have not taken this quiz